00681nam a22002297a 4500003000200000005001700002008000200019010001300021020002600034035002300060037001600083040001500099082002400114245005700138260004000195270005600235300002300291500005100314650003600365650003000401700002000431020180721112806.00 aB-220736 c600.00a9788189582395 aB-220736, B-220737 bCen Lib/Ret aDPLbENc0 a338.4764795068bFOO aFood service maanagement /cedited by Mohit Agarwal  aNew DelhibAlfa Publications c2006 a4398/5, Ansari road, dariya ganjbNew Delhie110002 av, 250p.c21cm(Hb) aincludes bibliographical references and index  aHospitality industries zIndia  aFood services management  aAgarwal, Mohit